Bringing the sacred down to earth : (Record no. 52370)
[ view plain ]
| 000 -LEADER | |
|---|---|
| fixed length control field | 01939cam a22003734a 4500 |
| 001 - CONTROL NUMBER | |
| control field | 16742949 |
| 005 - DATE AND TIME OF LATEST TRANSACTION | |
| control field | 20250826121319.0 |
| 008 - FIXED-LENGTH DATA ELEMENTS--GENERAL INFORMATION | |
| fixed length control field | 110420s2012 nyua b 001 0 eng |
| 010 ## - LIBRARY OF CONGRESS CONTROL NUMBER | |
| LC control number | 2011016109 |
| 016 7# - NATIONAL BIBLIOGRAPHIC AGENCY CONTROL NUMBER | |
| Record control number | 015951319 |
| Source | Uk |
| 020 ## - INTERNATIONAL STANDARD BOOK NUMBER | |
| International Standard Book Number | 9780199860326 |
| 020 ## - INTERNATIONAL STANDARD BOOK NUMBER | |
| International Standard Book Number | 0199860327 |
| 020 ## - INTERNATIONAL STANDARD BOOK NUMBER | |
| International Standard Book Number | 9780199860333 |
| 020 ## - INTERNATIONAL STANDARD BOOK NUMBER | |
| International Standard Book Number | 0199860335 |
| 035 ## - SYSTEM CONTROL NUMBER | |
| System control number | (OCoLC)ocn719673413 |
| 040 ## - CATALOGING SOURCE | |
| Original cataloging agency | DLC |
| Transcribing agency | DLC |
| Modifying agency | YDX |
| -- | UKMGB |
| -- | YDXCP |
| -- | BWX |
| -- | CDX |
| -- | COO |
| -- | EMU |
| -- | DLC |
| 042 ## - AUTHENTICATION CODE | |
| Authentication code | pcc |
| 050 00 - LIBRARY OF CONGRESS CALL NUMBER | |
| Classification number | BL80.3 |
| Item number | .D46 2012 |
| 082 00 - DEWEY DECIMAL CLASSIFICATION NUMBER | |
| Classification number | 201/.5 |
| Edition number | 22 |
| 100 1# - MAIN ENTRY--PERSONAL NAME | |
| Personal name | Dempsey, Corinne G. |
| 245 10 - TITLE STATEMENT | |
| Title | Bringing the sacred down to earth : |
| Remainder of title | adventures in comparative religion |
| 260 ## - PUBLICATION, DISTRIBUTION, ETC. (IMPRINT) | |
| Place of publication, distribution, etc | New York : |
| Name of publisher, distributor, etc | Oxford University Press, |
| Date of publication, distribution, etc | c2012. |
| 300 ## - PHYSICAL DESCRIPTION | |
| Extent | xi, 199 p. : |
| Other physical details | ill. ; |
| Dimensions | 24 cm. |
| 504 ## - BIBLIOGRAPHY, ETC. NOTE | |
| Bibliography, etc | Includes bibliographical references (p. 161-194) and index. |
| 505 0# - FORMATTED CONTENTS NOTE | |
| Formatted contents note | Icelandic and Indian language notes -- Introduction: adventures and misadventures in comparison -- The suffering Indian nun and the wandering (drunken) Irish priest: orientalism and Celticism unplugged -- Arguing equal access to an earthly sacred: Christian and Hindu theologies of liberation -- Making and staking sacred terrain: Rajneeshee and diaspora Hindu settlers and unsettlers -- Embodying the extraordinary in Iceland and India and the difference spirits make -- Postscript: unanticipated adventures in ritualized ethnography. |
| 650 #0 - SUBJECT ADDED ENTRY--TOPICAL TERM | |
| Topical term or geographic name as entry element | Religion. |
| 650 #0 - SUBJECT ADDED ENTRY--TOPICAL TERM | |
| Topical term or geographic name as entry element | Religions |
| General subdivision | Relations. |
| 856 42 - ELECTRONIC LOCATION AND ACCESS | |
| Materials specified | Contributor biographical information |
| Uniform Resource Identifier | <a href="http://www.loc.gov/catdir/enhancements/fy1302/2011016109-b.html">http://www.loc.gov/catdir/enhancements/fy1302/2011016109-b.html</a> |
| 856 42 - ELECTRONIC LOCATION AND ACCESS | |
| Materials specified | Publisher description |
| Uniform Resource Identifier | <a href="http://www.loc.gov/catdir/enhancements/fy1302/2011016109-d.html">http://www.loc.gov/catdir/enhancements/fy1302/2011016109-d.html</a> |
| 856 41 - ELECTRONIC LOCATION AND ACCESS | |
| Materials specified | Table of contents only |
| Uniform Resource Identifier | <a href="http://www.loc.gov/catdir/enhancements/fy1302/2011016109-t.html">http://www.loc.gov/catdir/enhancements/fy1302/2011016109-t.html</a> |
| 906 ## - LOCAL DATA ELEMENT F, LDF (RLIN) | |
| a | 7 |
| b | cbc |
| c | orignew |
| d | 1 |
| e | ecip |
| f | 20 |
| g | y-gencatlg |
| 942 ## - ADDED ENTRY ELEMENTS (KOHA) | |
| Source of classification or shelving scheme | Library of Congress Classification |
| Item type | Book |
| Withdrawn status | Lost status | Source of classification or shelving scheme | Damaged status | Not for loan | Collection code | Home library | Current library | Shelving location | Date acquired | Source of acquisition | Cost, normal purchase price | Total Checkouts | Full call number | Barcode | Copy number | Price effective from | Koha item type |
|---|---|---|---|---|---|---|---|---|---|---|---|---|---|---|---|---|---|
| Library of Congress Classification | Non-fiction | Bishop Okullu Memorial Library (Limuru Campus) | Bishop Okullu Memorial Library (Limuru Campus) | General Circulation | 27/02/2018 | Donation-TBN | 4136.00 | BL80.3 .D46 2012 | 058303 | 1 | 27/02/2018 | Book |